Score 0/40 Timer 14:00
0 Plays Today
Population City % Correct
854,047Amsterdam
99.2%
664,046Athens
99%
523,248Antwerp
91.7%
273,077Aarhus
75.3%
246,272Aachen
70.1%
329,988Alicante
64.6%
200,680Aberdeen
59.2%
114,194Aalborg
58.6%
132,874Amiens
54.8%
292,851Augsburg
53%
195,389Almería
49.6%
349,742Arkhangelsk
44.3%
151,520Angers
43.4%
100,924Ancona
42.2%
142,668Aix-en-Provence
41.7%
157,223Arnhem
40.9%
244,099A Coruña
39.4%
533,925Astrakhan
37.6%
203,990Almere
37%
172,816Albacete
35%
Population City % Correct
108,470Alkmaar
34.4%
161,156Apeldoorn
31.5%
155,226Amersfoort
31.3%
118,382Anderlecht
28.6%
159,074Arad
25.1%
175,136Amadora
24.6%
125,694Annecy
23%
99,419Arezzo
21%
194,310Alcalá de Henares
20.6%
168,141Alcorcón
20.6%
110,388Argenteuil
19.9%
121,133Algeciras
18.1%
190,709Armavir
15.3%
99,857Andria
15.2%
114,864Alcobendas
11.7%
109,682Alphen aan den Rijn
11.5%
106,943Acharnes
10.5%
155,988Almetyevsk
8.6%
104,140Arzamas
8.4%
108,024Alchevsk
7.8%
Remove Ads.
Support Sporcle.
Get the best of Sporcle when you Go Orange. This ad-free experience offers more features, more stats, and more fun while also helping to support Sporcle. Thank you for becoming a member.

You're not logged in!

Compare scores with friends on all Sporcle quizzes.
OR
Log In

Show Comments

Extras

Top Quizzes Today


Score Distribution

Your Account Isn't Verified!

In order to create a playlist on Sporcle, you need to verify the email address you used during registration. Go to your Sporcle Settings to finish the process.

Report this User

Report this user for behavior that violates our Community Guidelines.

Details: